| 000 | 00707nam a22002057a 4500 | ||
|---|---|---|---|
| 999 |
_c185532 _d185532 |
||
| 005 | 20220203144725.0 | ||
| 010 | _aENG-131385 | ||
| 020 |
_a9789353949297 _c949.00 |
||
| 035 | _aEN-114917 | ||
| 037 | _bDBAD | ||
| 082 | _a530 | ||
| 100 | _aYoung, Hugh D. | ||
| 245 |
_aUniversity Physics: _bwith Modern Physics/ _cHugh D. Young, Roger A. Freedman |
||
| 250 | _a15th Edition | ||
| 260 |
_aUttar Pradesh _bPearson India Education Services _c2022 |
||
| 270 |
_a15th Flooor, Tower-B, World Trade Tower, Plot No. 1, Block-C, Sector-16 _bNoida _e201301 _mcompanysecretary.india@pearson.com |
||
| 300 |
_avp. _bindex _c28cm(pbk) |
||
| 700 | _aFreedman, Roger A. | ||
| 942 |
_2ddc _cEN _h530 _mYOU |
||